|
|
|
|
| LEADER |
00000nab a2200000 a 4500 |
| 001 |
vtls000565172 |
| 003 |
SK-MaSNL |
| 005 |
20260304034507.0 |
| 008 |
150501c1993 xo 0 slo |
| 015 |
|
|
|a SNBRA19rr/mm-uuuuu
|
| 035 |
|
|
|a CL0565310
|
| 040 |
|
|
|a SNKBUCL
|b slo
|c SNKBUCL
|e AACR2
|
| 041 |
0 |
|
|a slo
|
| 044 |
|
|
|a xo
|c SK
|
| 080 |
|
|
|a 943.76"1938"
|2 1981
|
| 100 |
1 |
|
|a Hron, Fridrich
|4 aut
|9 1317370
|
| 245 |
1 |
0 |
|a Šurany v decembri 1938
|c Fridrich Hron
|
| 648 |
|
7 |
|a december 1938
|2 SNK
|9 1317371
|
| 648 |
|
7 |
|a 1938
|2 SNK
|9 310540
|
| 650 |
0 |
7 |
|a dejiny miest
|2 SNKPH
|9 164833
|
| 651 |
|
7 |
|a 5207
|2 snkbucl
|9 276522
|
| 651 |
|
7 |
|a Šurany (Slovensko)
|2 snkbucl
|9 14578
|
| 655 |
|
7 |
|a články zo zborníkov
|2 snkbucl
|9 166140
|
| 773 |
0 |
|
|t Viedenská arbitráž
|d Bratislava : Slovakia Plus, 1993
|g S. 54-57
|z 8088750008
|
| 850 |
|
|
|a Slovenská národná knižnica v Martine
|a MTA001
|
| 852 |
|
|
|a SNK
|b KIS3GCP
|
| 958 |
|
|
|a RK
|
| 958 |
|
|
|a SK
|
| 992 |
|
|
|a RZB
|
| 999 |
|
|
|c 2653381
|d 2655311
|